000 00330nam a22001097a 4500
082 _a629.8 MOT'T
100 _aTOBOLDT, WILLIAM K
_959234
245 _aMOTOR SERVICE'S AUTOMATIVE ENCYCLOPEDIA, FUNDAMENTAL OF PRINCIPLES CONSTRUCTION OPERATION SERVICE REPAIR
260 _aCHICAGO
_bGODD HEART
_c1962
300 _a55-9
942 _cBK
999 _c569261
_d569261